000 00236nam a22000857a 4500
008 170603b xxu||||| |||| 00| 0 eng d
100 _93235
_aMittal. V
245 _aLets Discover: The environment Around us
260 _aNew Delhi
_bAvichal
_c2003
999 _c6549
_d6549